000 00456nam a2200169Ia 4500
008 210719s1973 xx 000 0 und d
020 _a0801406188
041 _aeng
082 _a338.19 LELF
100 _aLELE (Uma J)
245 _aFood grain marketing in India: private performance and public policy.
260 _aBombay
_bPopular Prakashan
_c1973
300 _axviii,264
_bHB
365 _b25
_cRs
650 _aAgriculture
906 _aFood grain
999 _c212819
_d212819